| 000 | 01052nas a2200361 4500 | ||
|---|---|---|---|
| 001 | BR2019000215 | ||
| 003 | BR-BrBNA | ||
| 005 | 20231205131546.0 | ||
| 007 | ta | ||
| 008 | 230509b bl.|||p| |||| 00| 00por d | ||
| 040 |
_aBR-BrBNA _bpor _cBiblioteca Nacional de Agricultura |
||
| 041 | _a(En) | ||
| 072 | _aF30 | ||
| 100 | 1 | _aOliveira, T.R.A. de | |
| 100 | 1 | _aGravina, G. de A. | |
| 100 | 1 | _aOliveira, G.H.F. de | |
| 100 | 1 | _aAraújo, K.C. | |
| 100 | 1 | _aAraújo, L.C. de | |
| 100 | 1 | _aDaher, R.F. | |
| 100 | 1 | _aVivas, M. | |
| 100 | 1 | _aGravina, L.M. | |
| 100 | 1 | _aCruz, D.P. da | |
| 245 | 1 | _aThe GT biplot analysis of green bean traits | |
| 650 | _aFEIJÃO | ||
| 650 | _aGENÓTIPO | ||
| 650 | _aMÉTODO ESTATÍSTICO | ||
| 650 | _aSELEÇÃO | ||
| 650 | _aMELHORAMENTO VEGETAL | ||
| 773 | 0 |
_tCiência Rural (Brazil) _xISSN 1678-4596 _g(2018), v. 48(6) p. 1-6 _wBR2019000215 |
|
| 856 | 4 | 0 | _uhttp://www.scielo.br/pdf/cr/v48n6/1678-4596-cr-48-06-e20170757.pdf |
| 909 |
_a202311 _bLúcia _c55 _dLúcia Elande |
||
| 942 |
_2AGRIS _n0 _cANA |
||
| 999 |
_c255445 _d255445 |
||